| 000 | 00424nam a2200157 i 4500 | ||
|---|---|---|---|
| 001 | 79615 | ||
| 003 | ES-MaACL | ||
| 005 | 20230906174021.0 | ||
| 007 | t| | ||
| 008 | 041022s1929 mx ||||1| spa d | ||
| 100 | 1 |
_aHerrera, Luis A. _963208 |
|
| 245 | 1 | 0 |
_aMéxico / _c[Luis A. Herrera]. |
| 260 |
_aMéxico : _b[s.n.], _c1929 ( _fTalleres Gráficos de la Nación) |
||
| 300 |
_a592 p. ; _c24 cm. |
||
| 852 |
_aES-MaACL _jA-301 |
||
| 999 |
_c79615 _d79615 |
||